LDR 00594naa#a2200181#i#450# 001 EN\\bibl\125537 005 20260702082514.4 011 ## _a2782-4586 100 ## _a20260630b2026####ek#y0engy0150####ca 102 ## _aRU 200 1# _aTransformation of approaches to the formation of agroindustrial parks: Russian and foreign experience _eJournal article 210 1# _aMoscow _cITBO University _d2026 215 ## _a5 с. 608 ## _aJournal article _2local 675 ## _aТеория промышленной политики. 338.45.01 _z 700 #1 _aKozlova _gO. A. 700 #1 _aAlimbaev _gR. T. 856 4# _ajomeam.ru _u